Powiaty, których siedziba nie jest największym miastem - Statystyki

Ogólne statystyki
  • Ten quiz został rozwiązany 1 289 razy
    417 od ostatniego zresetowania
  • Średni wynik to 6 z 12
Statystyki odpowiedzi
Województwo Powiat Siedziba Populacja Największe miasto Populacja % Poprawnych
pomorskie wejherowski Wejherowo 46 271 Rumia 52 931
66%
lubelskie opolski Opole Lubelskie 7 918 Poniatowa 8 328
57%
małopolskie wadowicki Wadowice 17 331 Andrychów 18 503
57%
lubelskie rycki Ryki 9 060 Dęblin 14 217
56%
zachodniopomorskie drawski Drawsko Pomorskie 11 248 Złocieniec 12 106
53%
zachodniopomorskie sławieński Sławno 11 839 Darłowo 12 643
53%
mazowieckie wołomiński Wołomin 35 739 Ząbki 45 189
52%
lubuskie krośnieński Krosno Odrzańskie 10 601 Gubin 15 684
50%
zachodniopomorskie myśliborski Myślibórz 10 358 Barlinek 13 049
50%
wielkopolskie czarnkowsko-trzcianecki Czarnków 9 992 Trzcianka 16 496
48%
mazowieckie warszawski zachodni Ożarów Mazowiecki 15 413 Łomianki 18 183
44%
dolnośląskie wołowski Wołów 12 043 Brzeg Dolny 12 565
42%
Nie znaleziono quizów pasujących do podanych kryteriów
Rozkład punktacji
Procent ludzi z każdym wynikiem
Percentyl według liczby udzielonych odpowiedzi
Twoja historia wyników
Nie rozwiązałeś tego quizu od ostatniego zresetowania